000 00643nam a2200241Ia 4500
003 OSt
005 20220924124138.0
006 a|||||r|||| 00| 0
007 ta
008 220923b |||||||| |||| 00| 0 hin d
024 _a161552
037 _cTextual
040 _aARTS
_cARTS
_bhin
041 _2hin
_ahin
082 _aO15,1A2:g, 152N8
100 _aUpendra
_9194919
245 0 _aMahabharat
_b charit charcha
260 _aNew Delhi
_b Naman Prakashan India
_c1998
300 _a220p.
_ccm.
650 _aENGLISH LITERATURE
942 _hO15,1A2:g, 152N8
_cTEXL
_2CC
999 _c418597
_d418597